Geography Quiz

Random Geography or State Quiz

U.S. States scrambled, no vowels Quiz Stats

Quiz not verified by Sporcle

Challenge
Share
Tweet
Embed
Score 0/20 Timer 05:00
0 Plays Today
Scrambled State (With vowels taken away) State % Correct
SPSMSPSMississippi
85.9%
HOhio
85.7%
THS KTDSouth Dakota
85.7%
CFNLRCalifornia
82.9%
WHHawaii
81.2%
RVNTMVermont
81%
STSCSTSHMMassachusetts
81%
RSKBNNebraska
79.5%
NNMTMontana
79.3%
GVNRVirginia
75.2%
Scrambled State (With vowels taken away) State % Correct
CGNMHMichigan
73.7%
HTUtah
73.7%
KSLAlaska
71.4%
SNRSKArkansas
70.7%
WLDRDelaware
69.7%
SWNCSWisconsin
69.4%
SNLLIllinois
67.9%
DNNIndiana
66.9%
HMLKOklahoma
66.5%
NGROregon
65.6%

You're not logged in!

Compare scores with friends on all Sporcle quizzes.
Join for Free
OR
Log In

You Might Also Like...

Show Comments

Extras

Top Quizzes Today


Score Distribution

Your Account Isn't Verified!

In order to create a playlist on Sporcle, you need to verify the email address you used during registration. Go to your Sporcle Settings to finish the process.

Report this User

Report this user for behavior that violates our Community Guidelines.

Details: